000
00206 a2200097 4500
001
47323
100
_a
Rees D
245
_a
Korea the limited war
260
_a
London
_b
Macmillan
_c
090
_c
30360
_d
30360
942
_a
NUST-CAE
_c
M
_c
22626
999
_c
282396
_d
282396